000 00536nam a2200217Ia 4500
003 OSt
005 20230519111330.0
008 210423s1999 xx 000 0 und d
040 _cAL
041 _aeng
082 _a340
_223
_bEACE
245 _aEmployees pension scheme 1995
250 _a4
260 _aLucknow
_bSahitya Bhawan Publications
_c1999
300 _bPB
365 _b140
_cINR
650 _aLaw
_9109482
650 _aSocial Sciences
_9109483
906 _a1995 ; Employees ; pension ; scheme
942 _2ddc
_cBK
999 _c172565
_d172565